27 pays de UE par leur intiale en 27 secondes - Statistiques

Statistiques générales
  • Ce quiz a été pris 763 fois
  • Le résultat moyen est 22 sur 27
Réponses sur la Carte
Les réponses sont colorées sur une échelle allant du rouge au vert en fonction du pourcentage des utilisateurs qui les ont devinées à leur premier essai. Vous pouvez retrouver ces pourcentages ci-dessous.
 
Statistiques - réponses
Réponse % Correct
France
96%
Finlande
95%
Allemagne
94%
République Tchèque
93%
Autriche
92%
Irlande
92%
Italie
92%
Roumanie
91%
Espagne
89%
Estonie
89%
Slovaquie
89%
Slovénie
89%
Suède
89%
Pays-Bas
85%
Pologne
85%
Portugal
85%
Belgique
76%
Bulgarie
76%
Lettonie
75%
Lituanie
75%
Lituanie
75%
Luxembourg
75%
Grèce
62%
Croatie
58%
Malte
57%
Danemark
52%
Hongrie
50%
Aucun quiz correspondant
Distribution des résultats
% des personnes avec chaque résultat
Percentile par nombre de réponses
Votre historique - résultats
Vous n’avez pas pris ce quiz